US Senator Map Quiz #2 (harder) - Statistics

General Stats
  • This quiz has been taken 331 times
  • The average score is 32 of 50
Answers on the Map
Answers color-coded by a green-red scale on the quiz's map according to % correct below.
 
Answer Stats
Answer % Correct
Kamala Harris
84%
Mitch McConnell
83%
Susan Collins
81%
Cory Booker
80%
Kirsten
Gillibrand
80%
Amy Klobuchar
78%
John Kennedy
77%
Doug Jones
74%
Patrick Leahy
74%
Dick Durbin
73%
Tim Scott
73%
John Cornyn
71%
David Perdue
70%
Jeff Flake
70%
Bill Nelson
68%
Dan Sullivan
68%
Mark Warner
68%
Catherine
Cortez Masto
66%
Ed Markey
66%
Joni Ernst
66%
Maggie Hassan
66%
Rob Portman
65%
Shelley Capito
65%
Bob Casey
64%
Ron Johnson
64%
Brian Schatz
63%
Michael Bennet
63%
Mike Lee
63%
Patty Murray
63%
Richard
Blumenthal
63%
Richard Burr
63%
Bob Corker
61%
Chris
Van Hollen
60%
James Lankford
59%
Jeff Merkley
59%
Gary Peters
58%
John Barrasso
58%
Roy Blunt
58%
Martin Heinrich
57%
Jack Reed
56%
Roger Wicker
56%
Steve Daines
56%
Todd Young
56%
Jerry Moran
54%
Jim Risch
54%
John Boozman
54%
Tom Carper
54%
Deb Fischer
52%
John Hoeven
49%
Mike Rounds
49%
No matching quizzes found
Score Distribution
Percent of People with Each Score
Percentile by Number Answered
Your Score History
You have not taken this quiz